Drake Collaborations - Sudden Death - Statistics

General Stats
  • This quiz has been taken 1,637 times
  • The average score is 13 of 17
Answers on the Grid
Answers color-coded by a green-red scale on the quiz's grid according to % correct below.
21 Savage
Adele
André 3000
Bad Bunny
Beyoncé
Black Eyed Peas
Daddy Yankee
DJ Khaled
Ed Sheeran
Eminem
Future
Jay Z
Justin Bieber
Kanye West
Kendrick Lamar
Kid Cudi
Lady Gaga
Lil Nas X
Lil Yachty
Macklemore
Nicki Minaj
Rihanna
Sia
Taylor Swift
The Weeknd
Travis Scott
XXXTentacion
 
Answer Stats
Answer % Correct
"Major Distribution" 21 Savage
97%
"Way 2 Sexy" Future
86%
"Popstar" DJ Khaled
83%
"Sicko Mode" Travis Scott
83%
"Work" Rihanna
82%
"Fuckin' Problems" Kendrick Lamar
81%
"Mia" Bad Bunny
80%
"Crew Love" The Weeknd
80%
"Forever" Kanye West
77%
"Only" Nicki Minaj
76%
"Know Bout Me" Jay Z
74%
"Oprah's Bank Account" Lil Yachty
70%
"Forever" Eminem
63%
"I Do" (Remix) André 3000
58%
"IMY2" Kid Cudi
58%
"Right Here" Justin Bieber
57%
"Mine" Beyoncé
54%
No matching quizzes found
Score Distribution
Percent of People with Each Score
Percentile by Number Answered
Your Score History
You have not taken this quiz